00000000cas 2200000zi 4500
0019.910301
003CaOODSP
00520260618123922
006m     o  d f      
007cr cn ||||||||
008220314d20212021nucar p o    f0###a0ikt|d
022 |a2816-3923
040 |aCaOODSP|beng|erda|cCaOODSP
043 |an-cn---|ar------|at------
0861 |aR101-6Ikt-PDF
222 0|aUkiuqtaqtumi qauyihimanuarviat
24500|aUkiuqtaqtumi qauyihimanuarviat : |baqhaliat kangiqhipkaidjutit.
24613|a[Aqhaliat report]
24630|aAqhaliat kangiqhipkaidjutit
264 1|aIqaluktuutiami, Nunavumi, Kanatamia : |bPolar Knowledge Canada = Savoir polaire Canada, |c[2021]
310 |aAnnual
336 |atext|btxt|2rdacontent
337 |acomputer|bc|2rdamedia
338 |aonline resource|bcr|2rdacarrier
3621 |aBegan and ceased with: Atautimiitut 4-mi [2021].
500 |aIssued also in English under title: Polar knowledge : aqhaliat report.
546 |aText in Inuinnaqtun.
588 |aDescription based on: Atautimiitut 4-mi [2021]; title from PDF cover page.
588 |aLatest issue consulted: Atautimiitut 4-mi [2021].
650 0|aPolar regions|xResearch|zCanada|vPeriodicals.
655 7|aPeriodicals|2lcgft
7102 |aPolar Knowledge Canada, |eissuing body.
77508|tPolar knowledge : |w(CaOODSP)9.882028
77508|tUkiuqtaqtumi qaujimaniq : |w(CaOODSP)9.910296
788 |tUkiuqtaqtumi qauyihimanuarviat : |efre|w(CaOODSP)9.910302